01764nam a22001937a 4500003001700000005001700017008004100034020001800075040000700093041001200100082001600112100001700128245002700145260003900172300002800211365004900239520124900288650003301537St Aloysius Coll20260129162341.0251127b |||||||| |||| 00| 0 eng d a9781534467637 cAL aEnglish a813.6bPAIB aLynn Painter aBetter than the movies aNew YorkbSimon and Schusterc2021 a376p.bPBc19.7x12.6cm. 2GeneralaIN-2105c₹f13/11/2025b₹279.00 aPerfect for fans of Kasie West and Jenn Bennett, this “sweet and funny” (Kerry Winfrey, author of Waiting for Tom Hanks) teen rom-com follows a hopelessly romantic teen girl and her cute yet obnoxious neighbor as they scheme to get her noticed by her untouchable crush. Perpetual daydreamer Liz Buxbaum gave her heart to Michael a long time ago. But her cool, aloof forever crush never really saw her before he moved away. Now that he’s back in town, Liz will do whatever it takes to get on his radar—and maybe snag him as a prom date—even befriend Wes Bennet. The annoyingly attractive next-door neighbor might seem like a prime candidate for romantic comedy fantasies, but Wes has only been a pain in Liz’s butt since they were kids. Pranks involving frogs and decapitated lawn gnomes do not a potential boyfriend make. Yet, somehow, Wes and Michael are hitting it off, which means Wes is Liz’s in. But as Liz and Wes scheme to get Liz noticed by Michael so she can have her magical prom moment, she’s shocked to discover that she likes being around Wes. And as they continue to grow closer, she must reexamine everything she thought she knew about love—and rethink her own ideas of what Happily Ever After should look like. 2LiteratureaAmerican Fiction